00333nam a2200109Ia 4500008004100000082000800041100002000049245003800069942000600107952009500113999001500208240331s9999 xx 000 0 und d bBAL aBalasundaram, E 0aNaddar isai :bIyalpum payanpadum cL 001040708LaWERCLbWERCLcSSCd2024-03-31l0o 398 BALp3294r2024-03-31w2024-03-31yL c3616d3616